01820nam a22002297a 4500003000400000005001700004008004100021082003900062100001700101245006000118250001400178260005600192300002100248490003000269520101100299648001401310650006501324700001701389942001501406952015401421999001501575OSt20260410093837.0260410b |||||||| |||| 00| 0 eng d 21416558972a1416558972b1416558972 aBob Woodward aThe War Within: A Secret White House History 2006-2008. a1edicion  aNueva York, Estados UnidosbSimon & Schusterc 2008 a512 págc15x23 3 Papel de fibra de madera ael caos interno en la Casa Blanca de George W. Bush durante la etapa más crítica de la guerra de Irak (2006-2008). Bob Woodward revela las profundas divisiones y desconfianza entre los líderes militares, el Pentágono y los asesores presidenciales. El relato se centra en el origen del "Surge" (el envío masivo de refuerzos), una estrategia impulsada contra la opinión de muchos expertos. A través de entrevistas exclusivas, se expone un presidente aislado que ignora las advertencias sobre el fracaso de la ocupación. El libro documenta cómo el uso de tecnología de vigilancia avanzada fue clave para diezmar a los insurgentes iraquíes. También analiza la relación tensa entre Bush y generales clave como David Petraeus en un intento por salvar su legado.Woodward critica la falta de una estrategia política clara, mostrando un gobierno en guerra consigo mismo. Es una crónica cruda sobre cómo el poder y el secreto definieron el destino de un conflicto altamente impopular. vPrólogo vGlosario de Nombres (Key Figures)xNotas del Autor y Fuentes aBob Woodward 2ddccBKn0 00102ddc40708F02aISUSbISUScBiblioteca Abiertad2026-04-10eLECTURAf0485i0485l0oLECTURApBIBLIO0485r2026-04-10 09:39:43t1w2026-04-10yBK c2061d2061